[Event "Nordrhein Westfalen-ch Seniors 13th"]
[Site "Bad Salzuflen"]
[Date "2002.06.16"]
[Round "9"]
[White "Schoerghuber, Kurt"]
[Black "Haltrich, Edgar"]
[Result "1-0"]
[WhiteElo "1619"]
[BlackElo "1553"]
[PlyCount "55"]
[EventDate "2002.06.??"]
[EventType "swiss"]
[EventRounds "9"]
[EventCountry "GER"]
[SourceTitle "EXT 2006"]
[Source "ChessBase"]
[SourceDate "2005.11.24"]
[SourceVersion "1"]
[SourceVersionDate "2005.11.24"]
[SourceQuality "1"]

1. d4 d5 2. e3 Nf6 3. Bd3 g6 4. Nd2 Bg7 5. f4 Bg4 6. Ngf3 Bxf3 7. Qxf3 Nbd7 8. 0-0 c5 9. c3 c4 10. Bc2 0-0 11. e4 dxe4 12. Nxe4 b5 13. Bd2 Qb6 14. Kh1 Rad8 15. f5 Nd5 16. Ng5 N7f6 17. Rae1 Qd6 18. Ne4 Nxe4 19. Rxe4 Rde8 20. Rh4 e6 21. g4 exf5 22. gxf5 Qf6 23. Qh3 Re2 24. fxg6 Nf4 25. gxf7+ Rxf7 26. Bxh7+ Kf8 27. Qc8+ Re8 28. Qc5+ 1-0

[Event "Nordrhein Westfalen-ch Seniors 13th"]
[Site "Bad Salzuflen"]
[Date "2002.06.15"]
[Round "8"]
[White "Haltrich, Edgar"]
[Black "Schuller, Erhard"]
[Result "1/2-1/2"]
[WhiteElo "1553"]
[BlackElo "1613"]
[PlyCount "51"]
[EventDate "2002.06.??"]
[EventType "swiss"]
[EventRounds "9"]
[EventCountry "GER"]
[SourceTitle "EXT 2006"]
[Source "ChessBase"]
[SourceDate "2005.11.24"]
[SourceVersion "1"]
[SourceVersionDate "2005.11.24"]
[SourceQuality "1"]

1. e4 c5 2. Nf3 d6 3. d4 cxd4 4. Nxd4 Nf6 5. Bd3 a6 6. Nc3 e5 7. Nf3 Bg4 8. 0-0 Be7 9. Re1 0-0 10. h3 Bxf3 11. Qxf3 Nc6 12. Ne2 Re8 13. c3 b5 14. Ng3 Bf8 15. Bg5 h6 16. Be3 g6 17. Rad1 Bg7 18. Bc2 Qe7 19. h4 h5 20. Bg5 Nd8 21. Qd3 Ne6 22. Qxd6 Qxd6 23. Rxd6 Nxg5 24. hxg5 Nh7 25. Bb3 Kf8 26. Red1 1/2-1/2

[Event "Nordrhein Westfalen-ch Seniors 13th"]
[Site "Bad Salzuflen"]
[Date "2002.06.13"]
[Round "6"]
[White "Haltrich, Edgar"]
[Black "Tannebaum, Guenter"]
[Result "0-1"]
[WhiteElo "1553"]
[BlackElo "1784"]
[PlyCount "52"]
[EventDate "2002.06.??"]
[EventType "swiss"]
[EventRounds "9"]
[EventCountry "GER"]
[SourceTitle "EXT 2006"]
[Source "ChessBase"]
[SourceDate "2005.11.24"]
[SourceVersion "1"]
[SourceVersionDate "2005.11.24"]
[SourceQuality "1"]

1. e4 d6 2. d4 g6 3. Nf3 Bg7 4. Nc3 c6 5. Be3 b5 6. a3 a6 7. Be2 Nd7 8. 0-0 Bb7 9. Qd2 Qc7 10. Rad1 Rc8 11. a4 Ngf6 12. b4 Ng4 13. Bf4 0-0 14. h3 Ngf6 15. Bh6 Rfd8 16. Bxg7 Kxg7 17. a5 c5 18. dxc5 dxc5 19. Nd5 Bxd5 20. exd5 cxb4 21. Qxb4 Qxc2 22. Bd3 Qc5 23. Qh4 h6 24. Rc1 Qd6 25. Rxc8 Rxc8 26. Qd4 Rc4 0-1